| 000 | 02083cam a2200361 i 4500 | ||
|---|---|---|---|
| 003 | SA-RiAUC | ||
| 005 | 20250516142843.0 | ||
| 008 | 241101s1982 su g 00000 ara c | ||
| 040 |
_aSA-RiKSU _bara _cSA-RiAUC _erda |
||
| 082 | 0 | 4 | _a251 |
| 090 |
_a251 _bا ب ن ن |
||
| 100 | 1 |
_aابن النجار، محمد بن أحمد بن عبد العزيز، _d898-972 هجري _eمؤلف. |
|
| 245 | 1 | 0 |
_aشرح الكوكب المنير، المسمى، بمختصر التحرير، أو، المختبر المبتكر شرح المختصر في أصول فقه السادة الحنابلة / _cتأليف محمد بن أحمد بن عبد العزيز بن النجار ؛ تحقيق محمد الزحيلي، نزيه حماد. |
| 246 | 3 | 3 | _aالمختبر المبتكر شرح المختصرفي أصول فقه السادة الحنابلة |
| 264 | 1 |
_aمكه المكرمة : _aدمشق : _bجامعة أم القرى ؛ _bدار الفكر، _c1982 |
|
| 300 | _a3 مجلد. | ||
| 336 |
_aنص _btxt _2rdacontent _3كتاب |
||
| 337 |
_aبدون وسيط _bn _2rdamedia |
||
| 338 |
_aمجلد _bnc _2rdacarrier |
||
| 440 | 0 |
_aمن التراث الإسلامي _v5 |
|
| 650 | 7 |
_aالفقه الحنبلي _2aucsh |
|
| 650 | 7 |
_aأصول الفقه الإسلامي _2aucsh |
|
| 650 | 7 |
_aالفقه الإسلامي _xمذاهب _2aucsh |
|
| 700 | 1 |
_aالزحيلي، محمد مصطفى، _d1941- _eمحقق. |
|
| 700 | 1 |
_aحماد، نزيه كمال _eمحقق. |
|
| 700 | 1 | 2 |
_aابن النجار، محمد بن أحمد بن عبد العزيز، _d898-972 هجري _tالكوكب المنير، المسمى، مختصر التحرير. |
| 700 | 1 | 2 |
_aالمرداوي، علي بن سليمان بن أحمد، _d817-885 هجري _tتحرير المنقول وتهذيب علم الأصول. |
| 740 | 2 | 2 | _aالكوكب المنير، المسمى، مختصر التحرير. |
| 740 | 0 | 2 | _aمختصر التحرير. |
| 740 | 0 | 2 | _aتحرير المنقول وتهذيب علم الأصول. |
| 942 |
_2ddc _cBOOK _n0 |
||
| 949 |
_aSA-JeALM _d241101 _umohamedma123 _n1 |
||
| 999 |
_c1965 _d1965 |
||